mysqli: Table './ulib62015/stat_globaluid' is marked as crashed and should be repaired
select id from stat_globaluid where statuid='20260517203603_4670'
mysqli: Table './ulib62015/stat_globaluid' is marked as crashed and should be repaired
DELETE FROM stat_globaluid
WHERE id NOT IN (
SELECT id
FROM (
SELECT id
FROM stat_globaluid
ORDER BY id DESC
LIMIT 100
) foo
);
mysqli: Table './ulib62015/stat_globaluid' is marked as crashed and should be repaired
insert into stat_globaluid set
statuid='20260517203603_4670',
dt='1779024963',
phpself='/ULIB62015/dublinfull.php',
agent='Mozilla/5.0 AppleWebKit/537.36 (KHTML, like Gecko; compatible; ClaudeBot/1.0; +claudebot@anthropic.com)',
yea='2026',
mon='5',
dat='17',
ip='216.73.216.45'
mysqli: Table './ulib62015/stathist_viewbib_bib_type' is marked as crashed and should be repaired
insert into stathist_viewbib_bib_type set
dat='17' ,
mon='05' ,
yea='2026' ,
statuid='20260517203603_4670' ,
head='13399121269' ,
foot='marc' ,
dt='1779024963'
| LEADER : 00000nam 2200000uu 4500 |
| 001 13399121269 |
| 003 ULIB |
| 008 150803s||||||||th 000 0 tha d |
| 020 ^a9781874545944
|
| 024 0 ^a9781874545944
|
| 050 4 ^aQK100^bF928p 2005
|
| 100 1 ^aFrohne, Dietrich
|
| 245 10 ^aPoisonous plants :^ba handbook for Doctors, pharmacists, toxicologists, biologists and verterinarians/^cDietrich Frohne ,Hans Jurgen Pfander
|
| 250 ^a2nd ed.
|
| 260 ^aLondon NW :^bmanson,^cc2005.
|
| 300 ^aviii 469 p. :^bill;^c28 cm.
|
| 650 2 ^aPlants poisonous
|
| 650 2 ^aPlants
|
| 650 2 ^aPoisonous plant^xHandbooks
|
| 700 1 ^aHans Jurgen Pfander
|
| 945 ^p2800^l0^i022376 |
| 999 ^a57066
|
| คุณยังไม่ได้ล็อกอิน คุณสามารถมีกิจกรรมร่วมกับเว็บไซต์ได้ แต่ต้องล็อกอินก่อน :: |
|
|
|
| ลำดับที่ |
ประเภท |
เลขเรียก/บาร์โค้ด |
สถานที่ |
สถานะ |
| 1. |
 หนังสือ | QK100 F928p 2005 Barcode: 022376 | หนังสือทั่วไป | บนชั้น ขอยืม |
รายการใกล้เคียง
หัวเรื่อง [Plants]
|
|
ยังไม่เคยถูกคอมเมนท์
|
| คอมเมนท์ทรัพยากรรายการนี้ |
|